000 01219nam a2200337 i 4500
003 EG-GICUC
005 20260121101409.0
008 251201s1987 ua ||||fr|||| 000 0 ara d
017 _a86/7817
020 _a977-04-0298-2
040 _a EG-GICUC
_bara
_c EG-GICUC
_d EG-GICUC
_erda
041 _aara
082 0 4 _221
_a343.39
_bه ل . ح
092 0 4 _221
099 _aLaw1 10 343.39 ه ل . ح 1987
100 0 _aهلال عبدالله احمد.
_eمؤلف.
245 1 2 _aالحقيقة بين الفلسفة العامة و الإسلامية وفلسفة الإثبات الجنائي /
_cهلال عبدالله احمد.
250 _aالطبعة الاولى
264 1 _aالقاهرة :
_bدار النهضة العربية،
_c1987.
300 _a1030 صفحة ؛
_c24 سم.
336 _2rda content
_atext
337 _2rda media
_aComputer
338 _2rda carrier
_aOnline Resource
504 _a. 1011-866ببليوجرافيا: صفحات.
546 _aالنص باللغة العربية
650 1 _aالإثبات الجنائي
_2qrmak
651 1 _2qrmak
856 4 0 _uhttps://fll.law.cu.edu.eg/fulltext/bks/B10-05676.pdf
905 _a5
_eHassnaa
942 _2ddc
_cBK
_e21
_n0
999 _c47559
_d47559